000 02464nam0a2200373 i 4500
001 RU\NLR\BIBL_A\011250966
005 20260409073950.0
010 _a9785815817159
_9300
021 _aRU
_b2016-76875
_95002
035 _a(NILC)RuMoRGB-008642209
035 _a(NLR Aleph) 011250966
090 _a12166891
_c12166891
100 _a20161020d2016 km y0rusy50 ca
101 0 _arus
102 _aRU
105 _aa|||z|||||1y|
200 1 _aГосударственное и корпоративное управление: состояние и перспективы в XXI веке
_eматериалы Всероссийской (с международным участием) научно-практической конференции (Йошкар-Ола, 22-29 апреля 2015 г.)
_f[отв. ред. О. С. Грозова, к. э. н., доц.]
210 _aЙошкар-Ола
_cПГТУ
_d2016
215 _a259 с.
_cил.
_d21
300 _aВ надзаг.: М-во образования и науки РОс. Федерации, Федер. гос. бюджет. образоват. учреждение высш. образования "Поволж. гос. технол. ун-т", Фак. упр. и права
320 _aБиблиогр. в конце докл.
606 _aГосударственное управление
_jСъезды, совещания и т.п
_yРоссийская Федерация
_92104841
_3RU\NLR\AUTH\661272589
606 1 _aКорпорации
_jСъезды, совещания и т.п
_xУправление
_yРоссийская Федерация
_92145838
_3RU\NLR\AUTH\661292825
675 _a34+338.24
686 1 _aУ21(2)я431
686 1 _aУ21(2)25(2Р)я431
702 1 _aГрозова
_bО. С.
_gОльга Сергеевна
_4340
711 1 2 _a"Государственное и корпоративное управление: состояние и перспективы в XXI веке", всероссийская (с международным участием) научно-практическая конференция студентов, аспирантов и преподавателей
_d12
_eЙошкар-Ола
_f2015
_9535244
_3RU\NLR\AUTH\880435443
801 0 _aRU
_bРГБ
_c20161007
_gRCR
942 _cBOOK
980 _aNBR